Comparative political ideologies /

Bibliographic Details
Main Author: Rejai, M. (Mostafa)
Format: Book
Language:English
Published: New York : St. Martin's Press, [1984]
Subjects:

MARC

Tag First Indicator Second Indicator Subfields
LEADER 00000cam a2200000 a 4500
001 in00000010324
005 20151007051336.0
008 840827s1984 nyu b 00110 eng
010 |a  83061597  
020 |a 0312153597 (pbk.) 
020 |a 0312153589 (hard) 
035 |a (OCoLC)10640098 
035 |9 AAA2528AM 
040 |a DLC  |c DLC  |d m/c  |d TXA  |d UtOrBLW 
049 |a TXAM  |c [A12630177] 
050 0 0 |a JA83  |b .R465 1984 
082 0 |a 320.5  |2 19 
100 1 |a Rejai, M.  |q (Mostafa) 
245 1 0 |a Comparative political ideologies /  |c Mostafa Rejai. 
264 1 |a New York :  |b St. Martin's Press,  |c [1984] 
264 4 |c ©1984 
300 |a xvii, 141 pages ;  |c 21 cm. 
336 |a text  |b txt  |2 rdacontent 
337 |a unmediated  |b n  |2 rdamedia 
338 |a volume  |b nc  |2 rdacarrier 
504 |a Includes bibliographies and index. 
650 0 |a Political science  |x History  |y 19th century. 
650 0 |a Political science  |x History  |y 20th century. 
999 |a MARS 
999 f f |s b5abe47d-4dde-3089-812f-a75b71b652ec  |i 85c00223-608f-3da4-b592-5b80528545c6  |t 0 
952 f f |p ric  |a Texas A&M University  |b Rellis Campus  |c Joint Library Facility  |d Remote Storage  |t 0  |e JA83 .R465 1984  |h Library of Congress classification  |i unmediated -- volume  |m A14812630177 
998 f f |a JA83 .R465 1984  |t 0  |l Remote Storage